| 000 | 00690nam a22002057a 4500 | ||
|---|---|---|---|
| 005 | 20130514113559.0 | ||
| 010 | _aB-505089-122 | ||
| 020 |
_a9788183572828 _c160.00 |
||
| 035 | _aB-505089-122 | ||
| 037 | _bUBH/Ven | ||
| 082 | _a480 | ||
| 100 | _aTolani. R | ||
| 245 |
_aObjective English : _bfor competitive examinations / _cby R.Tolani |
||
| 260 |
_aNew Delhi _bAmarjeet S.Chopr _cc2013 |
||
| 270 |
_a4574/15, Padam Chand Marg,Ansari Road, Daryaganj _bNew Delhi _e110002 |
||
| 300 |
_a287p. _c24cm(pbk). |
||
| 500 | _aIt include index | ||
| 942 |
_2ddc _cEN _mTOL _h480 |
||
| 999 |
_c74300 _d74300 |
||